Mita: Lifestyle Agenda (Record no. 223982)
[ view plain ]
| 000 -LEADER | |
|---|---|
| fixed length control field | 00804nam a22002537a 4500 |
| 005 - DATE AND TIME OF LATEST TRANSACTION | |
| control field | 20220719144817.0 |
| 008 - FIXED-LENGTH DATA ELEMENTS--GENERAL INFORMATION | |
| fixed length control field | 220719b ||||| |||| 00| 0 eng d |
| 040 ## - CATALOGING SOURCE | |
| Transcribing agency | AL |
| 041 ## - LANGUAGE CODE | |
| Language code of text/sound track or separate title | English |
| 082 ## - DEWEY DECIMAL CLASSIFICATION NUMBER | |
| Edition number | 23 |
| Classification number | 150.1 |
| Item number | AGAM |
| 100 ## - MAIN ENTRY--PERSONAL NAME | |
| Personal name | Narendra Agarwal |
| 100 ## - MAIN ENTRY--PERSONAL NAME | |
| 9 (RLIN) | 51286 |
| 245 ## - TITLE STATEMENT | |
| Title | Mita: Lifestyle Agenda |
| Remainder of title | Steps for Individual and Collective Success |
| 260 ## - PUBLICATION, DISTRIBUTION, ETC. | |
| Place of publication, distribution, etc. | New Delhi |
| Name of publisher, distributor, etc. | Aasra Publications |
| Date of publication, distribution, etc. | 2007 |
| 300 ## - PHYSICAL DESCRIPTION | |
| Extent | 341 p. |
| Other physical details | HB |
| Dimensions | 22x14.5 cm. |
| 365 ## - TRADE PRICE | |
| Price amount | ₹250.00 |
| Currency code | ₹ |
| Unit of pricing | ₹250.00 |
| 650 ## - SUBJECT ADDED ENTRY--TOPICAL TERM | |
| Topical term or geographic name entry element | Socio-Econo and Religio-Political Guidelines |
| 9 (RLIN) | 51287 |
| 650 ## - SUBJECT ADDED ENTRY--TOPICAL TERM | |
| Topical term or geographic name entry element | Life Style |
| 9 (RLIN) | 51288 |
| 650 ## - SUBJECT ADDED ENTRY--TOPICAL TERM | |
| Topical term or geographic name entry element | Pray Play and Prty |
| 9 (RLIN) | 51289 |
| 650 ## - SUBJECT ADDED ENTRY--TOPICAL TERM | |
| Topical term or geographic name entry element | Pray in Private |
| 9 (RLIN) | 51290 |
| 650 ## - SUBJECT ADDED ENTRY--TOPICAL TERM | |
| Topical term or geographic name entry element | Play with Player |
| 9 (RLIN) | 51291 |
| 650 ## - SUBJECT ADDED ENTRY--TOPICAL TERM | |
| Topical term or geographic name entry element | Party with Partners |
| 9 (RLIN) | 51292 |
| 700 ## - ADDED ENTRY--PERSONAL NAME | |
| Personal name | AGARWAL (Narendra) |
| 9 (RLIN) | 51293 |
| 942 ## - ADDED ENTRY ELEMENTS (KOHA) | |
| Source of classification or shelving scheme | Dewey Decimal Classification |
| Koha item type | George Fernandes Collections |
| Withdrawn status | Lost status | Source of classification or shelving scheme | Damaged status | Not for loan | Collection code | Home library | Current library | Date acquired | Total Checkouts | Full call number | Barcode | Date last seen | Price effective from | Koha item type |
|---|---|---|---|---|---|---|---|---|---|---|---|---|---|---|
| Dewey Decimal Classification | Psychology | St Aloysius Library | St Aloysius Library | 03/23/2013 | 150.1 AGAM | GF01173 | 07/19/2022 | 07/19/2022 | George Fernandes Collections |